Wszystkie filmy z Clintem Eastwoodem - Statystyki

Ogólne statystyki
  • Ten quiz został rozwiązany 25 razy
  • Średni wynik to 10 z 65
Statystyki odpowiedzi
Rok Film % Poprawnych
2008 Gran torino
82%
Brudny Harry
71%
1964 Za garść dolarów
59%
1966 Dobry, zły i brzydki
53%
1965 Za kilka dolarów więcej
53%
2018 Przemytnik
47%
1992 Bez przebaczenia
41%
Siła magnum
41%
1988 Pula śmierci
35%
2004 Za wszelką cenę
35%
1990 Żółtodziób
29%
1995 Co się wydarzyło w Madison County
24%
2000 Kosmiczni kowboje
24%
1973 Mściciel
24%
Tylko dla orłów
24%
1979 Ucieczka z Alcatraz
24%
2021 Cry Macho
18%
1993 Doskonały świat
18%
1972 Joe Kidd
18%
1984 Lina
18%
1983 Nagłe zdarzenie
18%
1993 Na linii ognia
18%
1985 Niesamowity jeździec
18%
1971 Oszukany
18%
1968 Powiesić go wysoko
18%
1999 Prawdziwa zbrodnia
18%
1997 Władza absolutna
18%
Złoto dla zuchwałych
18%
1970 Muły siostry Sary
12%
1974 Piorun i lekka stopa
12%
1989 Różowy cadillac
12%
Zagraj dla mnie Misty
12%
1980 Bronco Billy
6%
1982 Firefox
6%
2002 Krwawa profesja
6%
1969 Pomaluj swój wóz
6%
1959 Rawhide
6%
2014 Snajper
6%
Strażnik prawa
6%
Tarantula
6%
1986 Wzgórze rozdartych serc
6%
1975 Akcja na Eigerze
0%
Allen in movieland
0%
Away all boats
0%
Blef Coogana
0%
Breezy
0%
1967 Czarownice
0%
2012 Dopóki piłka w grze
0%
Droga do Nashville
0%
Dywizjon Lafayette'a
0%
El Magnifico extranjero
0%
1957 Escapade in Japan
0%
Franek marynarz
0%
Gorący towar
0%
Jak tylko potrafisz
0%
1978 Każdy sposób jest dobry
0%
Lady Godiva
0%
1956 Nigdy nie mów do widzenia
0%
Podwodny wróg
0%
Star in the dust
0%
The first traveling saleslady
0%
1976 Wyjęty spod prawa Josey Wales
0%
1977 Wyzwanie
0%
1958 Zasadzka na przełęczy
0%
1955 Zemsta potwora
0%
Nie znaleziono quizów pasujących do podanych kryteriów
Rozkład punktacji
Procent ludzi z każdym wynikiem
Percentyl według liczby udzielonych odpowiedzi
Twoja historia wyników
Nie rozwiązałeś tego quizu